000 00753nam a2200181 i 4500
001 184560
003 ES-MaACL
005 20251006202419.0
008 151022s1849 sp |||| | spa d
245 0 0 _aColección de Cánones de la Iglesia española /
_cpublicada en latín... por Don Francisco Antonio Gonzalez... ; traducida al castellano, con notas é ilustraciones por D. Juan Tejada y Ramiro.
260 _aMadrid :
_b[s.n.],
_c1849 (
_fImp. de D. José Mª Alonso)
300 _a5 v. ;
_c31 cm.
650 7 _aDerecho canónico-
_zEspaña
_2
_9157976
700 1 _aTejada y Ramiro, Juan,
_d1811-ca. 1870
_9109563
700 1 _aGonzález, Francisco Antonio,
_dm. 1833
_9157975
852 _aES-MaACL
_jF-3370-74
999 _c184560
_d184560